000 01614nam0a22003131 4500
001 v19\rc\1673913
005 20260405145816.0
035 _a(NLR Aleph) 005229887
090 _a5593990
_c5593990
100 _a20061002d1894 |||y0rusy50 ca
101 0 _arus
_agrc
102 _aRU
105 _ay e |||||
200 1 _aГреческо-русский словарь, составленный А.Д. Вейсманом, бывшим ординарным профессором Императорского С.-Петербургского историко-филологического института
205 _a4-е изд.
210 _aСанкт-Петербург
_cизд. авт.
_d1894
215 _aVIII с., 1370 стб., [2]
_d26
532 1 0 _aГреческо-русский словарь, составленный Александром Давидовичем Вейсманом, бывшим ординарным профессором Императорского С.-Петербургского историко-филологического института
700 1 _4220
_7ca
_8rus
_aВейсман
_bА. Д.
_f1834-1913
_gАлександр Давидович
_944127
_3RU\NLR\AUTH\7761197
790 1 _aВейсман
_bА. Д.
_f1834-1913
_gАлександр Давыдович
_7ca
801 2 _aRU
_bNLR
_c20080618
_2rusmarc
801 0 _aRU
_bNLR
_c20061002
_gpsbo
801 0 _aRU
_bRuMoRGB
_c20061002
_2psbo
801 1 _aRU
_bProSoft-M
_c20061002
_2rusmarc
852 _aNLR
_j18.299.2.35
852 _aNLR
_j186гр.-рус./В-27
942 _cBOOK
980 _aNB